00265nam a2200109Ia 4500008004100000020001500041100003200056245002300088250000700111260002700118300001000145211105s9999 xx 000 0 und d aVYASA02869 aShastri Vidyasagar K. L. V. 0aDhaturoopa Manjari a\N bR.S. Vadyar & Sonsc\N a159p.